banner-ar

WOMEN, THE FAMILY AND DIVORCE LAWS IN ISLAMIC HISTORY / (Record no. 4755)

MARC details
000 -الفاتح
حقل البيانات ثابتة الطول 00754nam a2200229Ia 4500
005 - وقت وتاريخ اخر تعامل مع التسجيلة
رقم الضبط 20240530095204.0
008 - عناصر البيانات ثابتة الطول - معلومات عامة
حقل البيانات ثابتة الطول 140319s9999 xx 000 0 eng d
020 ## - الرقم الدولى المعيارى للكتب
الرقم الدولى المعيارى للكتاب 0815626886
040 ## - مصدر الفهرسة
وكالة الفهرسة الأصلية GCL /
وكالة النسخ GCL
082 04 - رقم تصنيف ديوى العشرى
رقم التصنيف 305.486971
رقم المادة A W
100 1# - المدخل الرئيسى - إسم شخصى
الإسم الشخصى AMIRA, EL-AZHARY SONBOL
245 10 - بيان العنوان
العنوان WOMEN, THE FAMILY AND DIVORCE LAWS IN ISLAMIC HISTORY /
بيان المسئوليه,etc FENTON, WILLIAM E ؛ AMIRA, EL-AZHARY SONBOL
260 ## - PUBLICATION, DISTRIBUTION, ETC. (IMPRINT)
تاريخ النشر أو التوزيع 1996
300 ## - الوصف المادى
التعداد 23 CM ؛
أبعاد الوعاء XV1, 357 P
650 04 - المدخل الاضافى بالموضوع-مصطلح موضوعى
مصطلح موضوعي MUSLIM WOMEN - EGYPT
650 04 - المدخل الاضافى بالموضوع-مصطلح موضوعى
مصطلح موضوعي WOMEN - LEGAL STATUS, LAWS
650 04 - المدخل الاضافى بالموضوع-مصطلح موضوعى
مصطلح موضوعي DOMESTIC RELATIONS ( ISLAMIC LAW ) - ARAB COUNTIRES
650 04 - المدخل الاضافى بالموضوع-مصطلح موضوعى
مصطلح موضوعي ISLAMIC LAW - ARAB COUNTIRES
700 1# - المدخل الاضافى - اسم شخصى
الإسم الشخصى AMIRA, EL-AZHARY SONBOL
942 ## - عناصر المدخل الإضافي( كوها)
مصدر التصنيف او مخطط الترفيف Dewey Decimal Classification
Koha [default] item type كتاب
260 ## - PUBLICATION, DISTRIBUTION, ETC. (IMPRINT)
-- [S.N] :
-- SYRACUSE UNIVERSITY PRESS ،
Holdings
حالة التراجع حالة الفقد حالة تلف ليس للاعارة المكان المؤقت الموقع الحالى تاريخ الاكتساب اجمالي اﻻعارات رقم الطلب الباركود تاريخ اخر مشاهدة تاريخ تفعيل السعر نوع وعاء كوها
        مكتبة القاهرة الكبرى مكتبة القاهرة الكبرى 03/26/2014   305.486971\ S W 10684 03/26/2014 03/26/2014 كتاب

Powered By

EGPV